<?xml version="1.0" encoding="UTF-8"?>
<record
    xmlns:xsi="http://www.w3.org/2001/XMLSchema-instance"
    xsi:schemaLocation="http://www.loc.gov/MARC21/slim http://www.loc.gov/standards/marcxml/schema/MARC21slim.xsd"
    xmlns="http://www.loc.gov/MARC21/slim">

  <leader>01127nam a22002297a 4500</leader>
  <datafield tag="952" ind1=" " ind2=" ">
    <subfield code="0">0</subfield>
    <subfield code="1">0</subfield>
    <subfield code="4">0</subfield>
    <subfield code="7">0</subfield>
    <subfield code="a">18</subfield>
    <subfield code="b">18</subfield>
    <subfield code="d">2016-04-01</subfield>
    <subfield code="l">1</subfield>
    <subfield code="o">HF5686 Y68</subfield>
    <subfield code="p">18 002661</subfield>
    <subfield code="r">2024-05-22</subfield>
    <subfield code="s">2018-11-28</subfield>
    <subfield code="t">1</subfield>
    <subfield code="w">2016-04-01</subfield>
    <subfield code="y">LB</subfield>
  </datafield>
  <datafield tag="952" ind1=" " ind2=" ">
    <subfield code="0">0</subfield>
    <subfield code="1">0</subfield>
    <subfield code="2">lcc</subfield>
    <subfield code="4">0</subfield>
    <subfield code="7">0</subfield>
    <subfield code="a">20</subfield>
    <subfield code="b">20</subfield>
    <subfield code="d">2017-08-01</subfield>
    <subfield code="l">2</subfield>
    <subfield code="o">HF5686 Y68</subfield>
    <subfield code="p">20 000490</subfield>
    <subfield code="r">2018-06-19</subfield>
    <subfield code="s">2018-06-19</subfield>
    <subfield code="t">1, vol. II</subfield>
    <subfield code="w">2017-08-01</subfield>
    <subfield code="y">LB</subfield>
  </datafield>
  <datafield tag="999" ind1=" " ind2=" ">
    <subfield code="c">99183</subfield>
    <subfield code="d">99183</subfield>
  </datafield>
  <controlfield tag="008">160401s2006    mx ||||| |||| 00| 0 spa d</controlfield>
  <datafield tag="020" ind1=" " ind2=" ">
    <subfield code="a">9789682475023</subfield>
  </datafield>
  <datafield tag="050" ind1="0" ind2=" ">
    <subfield code="a">HF5686</subfield>
    <subfield code="b">Y68</subfield>
  </datafield>
  <datafield tag="100" ind1="1" ind2=" ">
    <subfield code="a">Youshimatz Nava, Alfredo</subfield>
    <subfield code="e">autor</subfield>
  </datafield>
  <datafield tag="245" ind1="1" ind2="0">
    <subfield code="a">Control de costos de alimentos y bebidas II</subfield>
    <subfield code="c"> / Alfredo Youshimatz Nava</subfield>
  </datafield>
  <datafield tag="260" ind1="3" ind2=" ">
    <subfield code="a">M&#xE9;xico</subfield>
    <subfield code="b"> : Trillas</subfield>
    <subfield code="c">, 2006</subfield>
  </datafield>
  <datafield tag="300" ind1=" " ind2=" ">
    <subfield code="a">168 p&#xE1;ginas</subfield>
  </datafield>
  <datafield tag="500" ind1=" " ind2=" ">
    <subfield code="a">(reimpresi&#xF3;n 2009)</subfield>
  </datafield>
  <datafield tag="504" ind1=" " ind2=" ">
    <subfield code="a">Incluye:
Pr&#xF3;logo
&#xCD;ndice de contenido
Introducci&#xF3;n
&#xCD;ndice anal&#xED;tico</subfield>
  </datafield>
  <datafield tag="505" ind1=" " ind2=" ">
    <subfield code="a">Reporte de costos diarios de alimentos y bebidas
Costos potenciales de alimentos
Controles para la producci&#xF3;n
Sistemas para la toma de inventarios
Reporte de costos mensuales de alimentos y bebidas
Importancia de los sistemas computarizados en los alimentos y bebidas</subfield>
  </datafield>
  <datafield tag="519" ind1=" " ind2=" ">
    <subfield code="a">Plan Flexible / </subfield>
    <subfield code="b">Gastronom&#xED;a / </subfield>
    <subfield code="c">Banquetes (P23-2) / </subfield>
    <subfield code="d">(18 002661)</subfield>
  </datafield>
  <datafield tag="519" ind1=" " ind2=" ">
    <subfield code="a">Plan Flexible / </subfield>
    <subfield code="b">Administraci&#xF3;n de Empresas Tur&#xED;sticas / </subfield>
    <subfield code="c">Adminsitraci&#xF3;n de costos (B18) / </subfield>
    <subfield code="d">(20 000490)</subfield>
  </datafield>
  <datafield tag="650" ind1=" " ind2="0">
    <subfield code="a">CONTROL DE COSTOS</subfield>
  </datafield>
  <datafield tag="650" ind1=" " ind2="0">
    <subfield code="a">REALIZACI&#xD3;N DE INVENTARIOS</subfield>
  </datafield>
  <datafield tag="650" ind1=" " ind2="0">
    <subfield code="a">REPORTES DE COSTOS</subfield>
  </datafield>
  <datafield tag="942" ind1=" " ind2=" ">
    <subfield code="c">LB</subfield>
  </datafield>
</record>
